| 000 | nam a22 7a 4500 | ||
|---|---|---|---|
| 999 |
_c60654 _d60654 |
||
| 005 | 20210503113812.0 | ||
| 008 | 210503b xxu||||| |||| 00| 0 eng d | ||
| 040 | _aANE | ||
| 041 | _aEs | ||
| 100 | _aCristina Vallejo | ||
| 245 | _aVIOLENCIA DE GÈNERO HACIA LAS MADRES Y SU INFLUENCIA EN LAS RELACIONES INTERPERSONALES | ||
| 260 |
_aQuito _c2017 |
||
| 300 | _a124 p. | ||
| 856 | _uhttp://documentacion.asambleanacional.gob.ec/alfresco/d/d/workspace/SpacesStore/2f781de1-a0ab-49d1-83ec-bed4ada9a547/TESIS%20VIOLENCIA%20DE%20G%c3%88NERO%20HACIA%20LAS%20MADRES%20Y%20SU%20INFLUENCIA%20EN%20LAS%20RELACIONES%20INTERPERSONALES.pdf | ||
| 942 |
_2ddc _cBV _zNr. |
||